La pulsión de la sensura (Record no. 150935)

MARC details
000 -LEADER
fixed length control field nam a22 7a 4500
005 - DATE AND TIME OF LATEST TRANSACTION
control field 20190905094204.0
008 - FIXED-LENGTH DATA ELEMENTS--GENERAL INFORMATION
fixed length control field 190905b ag ||||| |||| 00| 0 spa d
020 ## - INTERNATIONAL STANDARD BOOK NUMBER
International Standard Book Number 9504352413
050 04 - LIBRARY OF CONGRESS CALL NUMBER
Classification number PN4735
Item number B87 1993
100 1# - MAIN ENTRY--PERSONAL NAME
Personal name Bustos, Elsa Cristina.
245 13 - TITLE STATEMENT
Title La pulsión de la sensura
Remainder of title : el rumor : ¿patología social o poder alternativo? y otros ensayos
Statement of responsibility, etc / Elsa Cristina Bustos.
250 ## - EDITION STATEMENT
Edition statement 1a ed.
260 ## - PUBLICATION, DISTRIBUTION, ETC. (IMPRINT)
Place of publication, distribution, etc La Plata, Argentina :
Name of publisher, distributor, etc [s.n.],
Date of publication, distribution, etc 1993.
300 ## - PHYSICAL DESCRIPTION
Extent 91 p. ;
Dimensions 20 cm.
505 0# - FORMATTED CONTENTS NOTE
Title Idioma, Integración, Soberanía.
-- La misión del periodista.
-- La mujer, El cristianismo y los medios de comunicación social.
650 #7 - SUBJECT ADDED ENTRY--TOPICAL TERM
Source of heading or term lemb
Topical term or geographic name as entry element Libertad de prensa
650 #7 - SUBJECT ADDED ENTRY--TOPICAL TERM
Source of heading or term lemb
Topical term or geographic name as entry element Censura
General subdivision Periodismo
942 ## - ADDED ENTRY ELEMENTS (KOHA)
Source of classification or shelving scheme Biblioteca del Cogreso de los Estados Unidos
Koha item type Libro
Holdings
Estado de pérdida Fuente de clasificación Estado del daño No para préstamo Ubicación permanente Ubicación actual Apartado o colección Fecha de adquisición Fuente de adquisición Edición Dependencia de educación superior (DES) Área del conocimiento Clasificación Código de Barras Date last seen Número de copia Costo por reposición Tipo de recurso
  Biblioteca del Cogreso de los Estados Unidos     Biblioteca del Posgrado en Derecho Biblioteca del Posgrado en Derecho Colección Ernesto Villanueva 05/09/2019 Donación 1a ed. Derecho Educación y Humanidades PN4735 B87 1993 BPD000000921 05/09/2019 1 1.00 Libro
  Biblioteca del Cogreso de los Estados Unidos     Biblioteca del Posgrado en Derecho Biblioteca del Posgrado en Derecho Colección Ernesto Villanueva 05/09/2019 Donación 1a ed. Derecho Ciencias Sociales y Administrativas PN4735 B87 1993 BPD000000922 05/09/2019 2 1.00 Libro